Human rights in Africa: cross-cultural perspectives (Record no. 45985)
[ view plain ]
| 000 -LEADER | |
|---|---|
| fixed length control field | 00754nam a2200193 a 4500 |
| 008 - FIXED-LENGTH DATA ELEMENTS--GENERAL INFORMATION | |
| fixed length control field | 100112s1990 ||||||||||||||||| || u |
| 020 ## - INTERNATIONAL STANDARD BOOK NUMBER | |
| International Standard Book Number | 0815717954 |
| 050 ## - LIBRARY OF CONGRESS CALL NUMBER | |
| Classification number | JC 571 Hum |
| 100 ## - MAIN ENTRY--PERSONAL NAME | |
| Personal name | An-Na'im, Abdullahi Ahmed |
| 245 10 - TITLE STATEMENT | |
| Title | Human rights in Africa: cross-cultural perspectives |
| Statement of responsibility, etc. | edited by Abdullahi Ahmed An-Na'im; Francis M. Deng |
| 260 ## - PUBLICATION, DISTRIBUTION, ETC. | |
| Place of publication, distribution, etc. | Washington DC |
| Name of publisher, distributor, etc. | The Brookings Institution |
| Date of publication, distribution, etc. | 1990 |
| 300 ## - PHYSICAL DESCRIPTION | |
| Extent | xv, 399p. |
| 350 ## - PRICE (NR) (BK AM CF MU VM SE) [OBSOLETE] | |
| Price | 0.00 |
| 650 ## - SUBJECT ADDED ENTRY--TOPICAL TERM | |
| Topical term or geographic name entry element | HUMAN RIGHTS--CROSS-CULTURAL STUDIES |
| 650 ## - SUBJECT ADDED ENTRY--TOPICAL TERM | |
| Topical term or geographic name entry element | RIGHTS |
| 650 ## - SUBJECT ADDED ENTRY--TOPICAL TERM | |
| Topical term or geographic name entry element | HUMAN RIGHTS--AFRICA |
| 700 ## - ADDED ENTRY--PERSONAL NAME | |
| Personal name | Deng, Francis M |
| 995 ## - RECOMMENDATION 995 [LOCAL, UNIMARC FRANCE] | |
| -- | 0.00 |
| -- | CBU-MAIN LIBRARY (Kitwe) |
| -- | 1 |
| -- | 0.00 |
| -- | 1 |
| -- | AVAILABLE |
| -- | Jan 12, 2010 |
| -- | Main Library Open Access Collection |
| Withdrawn status | Lost status | Source of classification or shelving scheme | Damaged status | Not for loan | Home library | Current library | Shelving location | Date acquired | Total Checkouts | Full call number | Barcode | Date last seen | Price effective from | Koha item type |
|---|---|---|---|---|---|---|---|---|---|---|---|---|---|---|
| CBU-MAIN LIBRARY, KITWE. | CBU-MAIN LIBRARY, KITWE. | 11/30/2022 | JC 571 Hum | 39947 | 11/30/2022 | 11/30/2022 | MONOGRAPH |